[Event "Champigny jr Ch"]
[Site "?"]
[Date "1984.??.??"]
[Round "?"]
[White "Dreev, Alexey S"]
[Black "Ivanchuk, Vassily"]
[Result "1/2-1/2"]
[WhiteElo "2645"]
[BlackElo "2730"]
[PlyCount "103"]
[EventDate "1984.??.??"]
[Source "www.chesslib.no"]
[SourceDate "2004.05.04"]

1. e4 Nf6 2. Nc3 e5 3. g3 Bc5 4. Bg2 Nc6 5. d3 a6 6. Nf3 d6 7. O-O O-O 8. Nd5 Nxd5 9. exd5 Ne7 10. d4 exd4 11. Nxd4 Nf5 12. Nb3 Ba7 13. Qd3 Qf6 14. Bd2 Bd7 15. Qc3 Nd4 16. Kh1 Bf5 17. Rac1 Rfe8 18. Be3 Nxb3 19. Qxf6 gxf6 20. cxb3 Bd3 21. Rfe1 Bxe3 22. fxe3 Rac8 23. Rc3 Be4 24. Rec1 Bxg2+ 25. Kxg2 Re7 26. g4 Kg7 27. Kf3 Rce8 28. R1c2 Re5 29. Re2 R8e7 30. e4 a5 31. h3 Kg6 32. Rc4 c6 33. dxc6 bxc6 34. Rd2 d5 35. exd5 cxd5 36. Ra4 Re3+ 37. Kg2 R7e5 38. Rxa5 d4 39. b4 Re2+ 40. Rxe2 Rxe2+ 41. Kf3 Rxb2 42. b5 d3 43. Ke3 d2 44. Ke2 f5 45. gxf5+ Kxf5 46. a4 Ke4 47. Ra7 f5 48. Re7+ Kf4 49. Rxh7 Kg3 50. h4 f4 51. h5 f3+ 52. Kd1 1/2-1/2

[Event "otb"]
[Site "otb"]
[Date "2007.05.06"]
[Round "4"]
[White "Vorobiov Evgeny E"]
[Black "Brodsky Michail"]
[Result "1/2-1/2"]
[WhiteElo "2580"]
[BlackElo "2597"]
[PlyCount "25"]
[Source "www.chesslib.no"]
[SourceDate "2004.05.04"]

1. e4 e5 2. Nc3 Nf6 3. g3 d5 4. exd5 Nxd5 5. Bg2 Nxc3 6. bxc3 Bd6 7. Ne2 O-O 8. O-O Nd7 9. d3 c6 10. f4 exf4 11. Nxf4 Nf6 12. h3 Nd5 13. Nxd5 1/2-1/2

[Event "ARG-ch"]
[Site "ARG"]
[Date "1995.??.??"]
[Round "11"]
[White "Zarnicki, Pablo"]
[Black "Morovic Fernandez, Ivan"]
[Result "1/2-1/2"]
[WhiteElo "2570"]
[BlackElo "2585"]
[PlyCount "35"]
[EventDate "1995.??.??"]
[Source "ChessBase"]

1. e4 e5 2. Nc3 Nf6 3. g3 d5 4. exd5 Nxd5 5. Bg2 Nxc3 6. bxc3 Bd6 7. Nf3 O-O 8. O-O Nd7 9. d4 exd4 10. cxd4 Nf6 11. c4 c6 12. Re1 Bf5 13. Nh4 Be6 14. d5 cxd5 15. cxd5 Bg4 16. Qd3 Bb4 17. Rf1 Re8 18. Be3 1/2-1/2

[Event "Los Angeles"]
[Site "?"]
[Date "1999.11.29"]
[Round "7.2"]
[White "Gufeld Eduard"]
[Black "Blatny Pavel"]
[Result "1-0"]
[WhiteElo "2520"]
[BlackElo "2620"]
[PlyCount "57"]
[EventDate "1999.??.??"]
[Source "www.chesslib.no"]
[SourceDate "2004.05.04"]

1. e4 e5 2. Nc3 Nf6 3. g3 Bc5 4. Bg2 h5 5. h3 d6 6. Na4 Nc6 7. Nxc5 dxc5 8. d3 h4 9. g4 Nh7 10. f4 g5 11. fxe5 Qe7 12. Nf3 Nxe5 13. Nxe5 Qxe5 14. O-O Be6 15. c3 O-O-O 16. Be3 Bc4 17. Rf5 Qg3 18. Rf3 Qe5 19. Bf2 Qd6 20. d4 Qe7 21. Qa4 Ba6 22. Rf5 cxd4 23. cxd4 Nf8 24. b4 c6 25. d5 Ng6 26. dxc6 Nf4 27. cxb7+ Qxb7 28. b5 Ne2+ 29. Kh1 1-0

[Event "Corr"]
[Site "?"]
[Date "1999.06.30"]
[Round "?"]
[White "Pfretzschner Roland (GER)"]
[Black "Volchok Alexander"]
[Result "1/2-1/2"]
[WhiteElo "2503"]
[BlackElo "2602"]
[PlyCount "100"]
[EventDate "1999.??.??"]
[Source "www.chesslib.no"]
[SourceDate "2004.05.04"]

1. e4 e5 2. Nc3 Nf6 3. g3 d5 4. exd5 Nxd5 5. Bg2 Nxc3 6. bxc3 Bc5 7. Nf3 Nc6 8. O-O O-O 9. Re1 Qf6 10. Qe2 Bd6 11. d3 e4 12. Qxe4 Qxc3 13. Bd2 Qf6 14. Rab1 Bc5 15. Bg5 Qc3 16. Bd2 Qf6 17. Qf4 Qxf4 18. Bxf4 Bb6 19. Ne5 Nxe5 20. Rxe5 c6 21. a4 Rd8 22. Be3 Bd7 23. a5 Bxe3 24. fxe3 Rab8 25. Re4 b5 26. axb6 axb6 27. Ra4 b5 28. Ra7 g6 29. h4 h5 30. Kh2 Be8 31. d4 Kg7 32. Rc7 Rbc8 33. Re7 c5 34. Bb7 Kf6 35. Rxe8 Rxe8 36. Bxc8 Rxc8 37. Rxb5 cxd4 38. exd4 Rxc2+ 39. Kh3 Rd2 40. Rd5 Ke6 41. Re5+ Kd6 42. Re4 Rf2 43. Re5 Rd2 44. Re4 Kd5 45. Rf4 f5 46. Rf1 Rxd4 47. Ra1 Rd3 48. Ra4 Ke5 49. Kg2 Rd4 50. Ra6 Rd6 1/2-1/2

[Event "Armed Forces Ch"]
[Site "Sverdlovsk"]
[Date "1987.??.??"]
[Round "?"]
[White "Malaniuk, Vladimir P"]
[Black "Vladimirov, Evgeny Y"]
[Result "1/2-1/2"]
[WhiteElo "2575"]
[BlackElo "2525"]
[PlyCount "35"]
[EventDate "1987.??.??"]
[Source "www.chesslib.no"]
[SourceDate "2004.05.04"]

1. e4 e5 2. Nc3 Nf6 3. g3 c5 4. Bg2 Nc6 5. d3 d6 6. Nge2 Be7 7. h3 Rb8 8. O-O b5 9. f4 O-O 10. g4 b4 11. Nb1 exf4 12. Nxf4 Be6 13. Nd2 Nd7 14. a3 a5 15. Nf3 Nde5 16. Nxe5 Nxe5 17. axb4 axb4 18. Be3 1/2-1/2

[Event "Moscow RUS"]
[Site "?"]
[Date "2004.02.22"]
[Round "6"]
[White "Narciso Dublan Marc"]
[Black "Kaidanov Gregory S"]
[Result "0-1"]
[WhiteElo "2487"]
[BlackElo "2611"]
[PlyCount "70"]
[EventDate "2004.??.??"]
[Source "www.chesslib.no"]
[SourceDate "2004.05.04"]

1. e4 e5 2. Nc3 Nf6 3. g3 d5 4. exd5 Nxd5 5. Bg2 Nxc3 6. bxc3 Nc6 7. Nf3 Bd6 8. O-O O-O 9. d3 Bg4 10. h3 Bh5 11. g4 Bg6 12. Ng5 h6 13. Ne4 f5 14. gxf5 Bxf5 15. Ng3 Be6 16. Qh5 Qe8 17. Qxe8 Raxe8 18. Be3 Bd7 19. Ne4 Ba3 20. Bc5 Bxc5 21. Nxc5 Bc8 22. Rfb1 Nd8 23. Nxb7 Ne6 24. Rf1 Nf4 25. Nc5 Bxh3 26. Bxh3 Nxh3+ 27. Kh2 Ng5 28. Kg2 Rf4 29. f3 Ref8 30. Rf2 Nxf3 31. Raf1 Nh4+ 32. Kg1 R8f5 33. Ne6 Nf3+ 34. Kg2 Rg4+ 35. Kh3 Rg6 0-1

[Event "FRG-ch International"]
[Site "Munich"]
[Date "1979.??.??"]
[Round "?"]
[White "Sigurjonsson, Gudmundur"]
[Black "Balashov, Yuri S"]
[Result "1/2-1/2"]
[WhiteElo "2490"]
[BlackElo "2600"]
[PlyCount "37"]
[EventDate "1979.02.??"]
[Source "ChessBase"]

1. e4 e5 2. Nc3 Nf6 3. g3 Bb4 4. Bg2 O-O 5. Nge2 c6 6. a3 Ba5 7. O-O Re8 8. d4 d6 9. h3 Nbd7 10. Be3 Qe7 11. Kh2 Nf8 12. Qd3 h6 13. Rad1 N8h7 14. d5 Bc7 15. f3 cxd5 16. Nxd5 Nxd5 17. Qxd5 Nf6 18. Qd3 Be6 19. c4 1/2-1/2

[Event "Biel Credis"]
[Site "Biel"]
[Date "1996.??.??"]
[Round "10"]
[White "Gallagher, Joseph G"]
[Black "Campora, Daniel Hugo"]
[Result "1/2-1/2"]
[WhiteElo "2530"]
[BlackElo "2545"]
[PlyCount "79"]
[EventDate "1996.07.22"]
[Source "ChessBase"]

1. e4 e5 2. Nc3 Nf6 3. g3 d5 4. exd5 Nxd5 5. Bg2 Nxc3 6. bxc3 Bd6 7. Nf3 O-O 8. O-O Nc6 9. d3 Bg4 10. h3 Bh5 11. Rb1 Rb8 12. g4 Bg6 13. Ng5 Qd7 14. Be3 b6 15. h4 h6 16. h5 Bxh5 17. gxh5 hxg5 18. Bxg5 Nd8 19. Qf3 f6 20. Bd2 Qf7 21. Qf5 Qe6 22. Qxe6+ Nxe6 23. Bd5 Kf7 24. f4 Ke7 25. f5 Ng5 26. Kg2 Rbd8 27. Rbe1 Rh8 28. Rh1 Kd7 29. d4 c6 30. Bb3 exd4 31. cxd4 Rde8 32. Rxe8 Kxe8 33. Bxg5 fxg5 34. Kf3 Be7 35. Kg4 Bf6 36. c3 Kd7 37. Re1 Re8 38. Re6 Rxe6 39. fxe6+ Ke7 40. Kf5 1/2-1/2

[Event "Wah Seong IM"]
[Site "Penang"]
[Date "2000.03.01"]
[Round "5"]
[White "Wynn Zaw Htun"]
[Black "Myo Naing"]
[Result "1/2-1/2"]
[WhiteElo "2524"]
[BlackElo "2545"]
[PlyCount "33"]
[EventDate "2000.02.26"]
[Source "ChessBase"]
[SourceDate "2000.03.10"]

1. e4 e5 2. Nc3 Nf6 3. g3 Bc5 4. Bg2 O-O 5. d3 c6 6. Nge2 d5 7. exd5 Nxd5 8. O-O Bg4 9. h3 Nxc3 10. bxc3 Be6 11. c4 Nd7 12. Kh2 f6 13. a4 Qc7 14. a5 a6 15. Bd2 Rad8 16. Nc3 Rfe8 17. Rb1 1/2-1/2

[Event "GRE-chT"]
[Site "Poros"]
[Date "1998.04.26"]
[Round "9"]
[White "Arakhamia Grant, Ketevan"]
[Black "Nenashev, Alexander"]
[Result "0-1"]
[WhiteElo "2440"]
[BlackElo "2625"]
[PlyCount "86"]
[EventDate "1998.??.??"]
[Source "www.chesslib.no"]
[SourceDate "2004.05.04"]

1. e4 e5 2. Nc3 Nf6 3. g3 Bc5 4. Bg2 Nc6 5. Nge2 Nd4 6. O-O d6 7. h3 Bd7 8. Kh2 h5 9. Nxd4 Bxd4 10. d3 h4 11. g4 g5 12. a4 Bxc3 13. bxc3 Nh7 14. d4 O-O 15. dxe5 dxe5 16. Qd5 Bc6 17. Qxe5 Re8 18. Qf5 Qe7 19. Re1 Rad8 20. Be3 b6 21. a5 Bxe4 22. Bxe4 Qxe4 23. Qxe4 Rxe4 24. axb6 axb6 25. Ra7 Rc4 26. Bd4 Rc8 27. Rea1 f6 28. Rb7 Rc6 29. Re1 Kf7 30. Re3 Nf8 31. Rf3 Ng6 32. Rf5 Ne7 33. Rb5 Ra8 34. f4 gxf4 35. Rh5 Kg6 36. Kg2 Kf7 37. Kf3 Ke6 38. Rxh4 Nd5 39. Rh7 Rc4 40. Ke4 c5 41. Kd3 Raa4 42. Bf2 Rxc3+ 43. Kd2 Rac4 0-1

[Event "EUCup 17th"]
[Site "Panormo"]
[Date "2001.09.28"]
[Round "6"]
[White "Finkel, Alexander"]
[Black "Krasenkow, Michal"]
[Result "1/2-1/2"]
[WhiteElo "2485"]
[BlackElo "2578"]
[PlyCount "57"]
[EventDate "2001.09.22"]
[Source "ChessBase"]
[SourceDate "2001.10.26"]

1. e4 e5 2. Nc3 Nf6 3. g3 d5 4. exd5 Nxd5 5. Bg2 Nxc3 6. bxc3 Bd6 7. Nf3 Nc6 8. O-O O-O 9. d4 Bf5 10. Rb1 Rb8 11. Nxe5 Nxe5 12. dxe5 Bxe5 13. Qxd8 Rfxd8 14. Rb5 f6 15. f4 Bd7 16. Rxb7 Rxb7 17. Bd5+ Kh8 18. Bxb7 Bb5 19. Rf3 Rd1+ 20. Kg2 Bd6 21. Be3 a5 22. Rf2 Bc4 23. a4 Kg8 24. Rd2 Ra1 25. Bc6 Ra3 26. Bb6 Rxc3 27. Bxa5 Bf1+ 28. Kxf1 Rxc6 29. c3 1/2-1/2

[Event "Borowski mem op 15'"]
[Site "Essen"]
[Date "2000.09.02"]
[Round "3"]
[White "Seul, Georg"]
[Black "Jussupow, Artur"]
[Result "0-1"]
[WhiteElo "2447"]
[BlackElo "2610"]
[PlyCount "42"]
[EventDate "2000.09.02"]
[Source "www.chesslib.no"]
[SourceDate "2004.05.04"]

1. e4 e5 2. Nc3 Nf6 3. g3 Bc5 4. Bg2 d6 5. Nf3 a6 6. O-O Nc6 7. d3 Bg4 8. h3 Bxf3 9. Bxf3 Nd4 10. Bg2 h5 11. Bg5 Ne6 12. Bxf6 Qxf6 13. Qf3 Qh6 14. Nd5 h4 15. Kh2 c6 16. b4 Bd4 17. c3 cxd5 18. cxd4 Nxd4 19. Qg4 hxg3+ 20. fxg3 O-O 21. Rac1 dxe4 0-1

[Event "XXVI Open di Andorra"]
[Site "La Massana AND"]
[Date "2008.07.23"]
[Round "5"]
[White "Comas Fabrego, L."]
[Black "Howell, D."]
[Result "0-1"]
[WhiteElo "2495"]
[BlackElo "2561"]
[PlyCount "82"]
[EventDate "2008.07.19"]
[Source "www.chesslib.no"]
[SourceDate "2004.05.04"]

1. e4 e5 2. Nc3 Nf6 3. g3 c6 4. d4 exd4 5. Qxd4 d5 6. Bg5 Be7 7. O-O-O h6 8. Bxf6 Bxf6 9. e5 Be7 10. Bh3 Na6 11. f4 Bc5 12. Qd3 Bxh3 13. Nxh3 Qa5 14. a3 b5 15. Ne4 dxe4 16. Qd7+ Kf8 17. Qxc6 Re8 18. Rd7 Qb6 19. Qxe4 Qe6 20. Rhd1 Qa2 21. R1d5 Be7 22. Qd4 Kg8 23. Qxa7 Qa1+ 24. Kd2 Qh1 25. Nf2 Qf3 26. Nd3 Qg2+ 27. Kd1 Qh1+ 28. Ke2 Qxh2+ 29. Nf2 Bc5 30. Rxc5 Nxc5 31. Qxc5 Qxg3 32. Qe3 Qg6 33. Qd3 Qh5+ 34. Ke1 Rf8 35. Kd2 Qh2 36. Qf3 h5 37. Ke3 Rh6 38. Rd1 Qh4 39. Ne4 Qe7 40. Ng3 Qc5+ 41. Ke2 h4 0-1

[Event "ICC active"]
[Site "?"]
[Date "2001.??.??"]
[Round "?"]
[White "Finkel Alexander"]
[Black "Christiansen Larry Mark"]
[Result "1-0"]
[WhiteElo "2490"]
[BlackElo "2566"]
[PlyCount "72"]
[EventDate "2001.??.??"]
[Source "www.chesslib.no"]
[SourceDate "2004.05.04"]

1. e4 e5 2. Nc3 Nf6 3. g3 d5 4. exd5 Nxd5 5. Bg2 Nxc3 6. bxc3 Bd6 7. Nf3 O-O 8. O-O Nd7 9. d4 h6 10. Re1 exd4 11. cxd4 Nb6 12. Qd3 Qf6 13. c4 c5 14. Bb2 Na4 15. dxc5 Nxb2 16. Qxd6 Be6 17. Qd4 Rfd8 18. Qxf6 gxf6 19. Reb1 Nd3 20. Rxb7 Nxc5 21. Rc7 Na6 22. Rc6 Nb4 23. Rc5 Rab8 24. Ra5 a6 25. Bf1 Bg4 26. Nh4 Nc2 27. Rc1 Rb2 28. c5 Rd2 29. c6 Nd4 30. c7 Bc8 31. Rxa6 Rxf2 32. Ra8 Kh7 33. Rxc8 Rxh2 34. Rh8+ Kxh8 35. c8=Q+ Kg7 36. Nf5+ Nxf5 1-0

[Event "BCF-ch"]
[Site "Hove"]
[Date "1997.08.12"]
[Round "8"]
[White "Gallagher, Joseph G"]
[Black "Kosten, Anthony C"]
[Result "0-1"]
[WhiteElo "2525"]
[BlackElo "2530"]
[PlyCount "64"]
[EventDate "1997.08.04"]
[Source "www.chesslib.no"]
[SourceDate "2004.05.04"]

1. e4 e5 2. Nc3 Nf6 3. g3 d5 4. exd5 Nxd5 5. Bg2 Nxc3 6. bxc3 Bc5 7. d3 O-O 8. Nf3 Nc6 9. O-O Bg4 10. h3 Bh5 11. Qe2 f5 12. d4 Bd6 13. Qb5 e4 14. Ng5 Qe8 15. h4 h6 16. Nh3 Nxd4 17. Qd5+ Ne6 18. Qxb7 Rb8 19. Qd5 Rb5 20. Qc4 Rc5 21. Qb3 Bf7 22. Be3 f4 23. Bxc5 Nxc5 24. Qb4 f3 25. Qd4 fxg2 26. Kxg2 Ne6 27. Qd2 Bh5 28. Ng1 Qg6 29. Qd5 Kh8 30. Kh2 Rxf2+ 31. Rxf2 Qxg3+ 32. Kh1 Qxf2 0-1

[Event "9, Ch"]
[Site "9, Odessa ch"]
[Date "1989.??.??"]
[Round "?"]
[White "Balashov, Yuri S"]
[Black "Dvoirys, Semen I"]
[Result "1/2-1/2"]
[WhiteElo "2530"]
[BlackElo "2520"]
[PlyCount "89"]
[EventDate "1989.??.??"]
[Source "www.chesslib.no"]
[SourceDate "2004.05.04"]

1. e4 e5 2. Nc3 Nf6 3. g3 Bc5 4. Bg2 Nc6 5. d3 O-O 6. h3 Nd4 7. Nf3 Nxf3+ 8. Qxf3 c6 9. O-O b5 10. Be3 Qb6 11. Bg5 Ne8 12. a4 Nc7 13. Bd2 b4 14. Nd1 Ne6 15. Ne3 Nd4 16. Qd1 Ba6 17. c3 Ne6 18. a5 Qb8 19. Nc4 bxc3 20. bxc3 Qc7 21. Qc2 Rab8 22. Rfb1 Rxb1+ 23. Qxb1 Bxc4 24. dxc4 Rb8 25. Qa2 Qb7 26. Bf1 Qb2 27. Bd3 Nc7 28. Kf1 Ne8 29. Ke2 Qxa2 30. Rxa2 f6 31. Bc1 Kf7 32. Kd1 Ke7 33. f4 Nd6 34. h4 Kf7 35. h5 Rg8 36. Ke2 g6 37. Kf3 Rb8 38. h6 Rb3 39. Be3 Ke7 40. Rh2 Rb7 41. Bg1 f5 42. Rf2 Rb1 43. Re2 Rb3 44. Rc2 Ke6 45. Bf1 1/2-1/2

[Event "IBM op"]
[Site "La Reunion"]
[Date "1997.??.??"]
[Round "7"]
[White "Magem Badals, Jordi"]
[Black "De la Riva Aguado, Oscar"]
[Result "1/2-1/2"]
[WhiteElo "2570"]
[BlackElo "2480"]
[PlyCount "22"]
[EventDate "1997.??.??"]
[Source "www.chesslib.no"]
[SourceDate "2004.05.04"]

1. e4 e5 2. Nc3 Nf6 3. g3 d5 4. exd5 Nxd5 5. Bg2 Nb6 6. Nf3 Nc6 7. O-O Be7 8. Re1 Bg4 9. h3 Bxf3 10. Bxf3 f6 11. a4 a5 1/2-1/2

[Event "CCOL10 fin 8893"]
[Site "CCOL10 fin 8893"]
[Date "1988.??.??"]
[Round "?"]
[White "Korolev, Sergey Ivanovich"]
[Black "Manduch, Milan"]
[Result "1-0"]
[WhiteElo "2610"]
[BlackElo "2440"]
[PlyCount "83"]
[EventDate "1988.??.??"]
[Source "www.chesslib.no"]
[SourceDate "2004.05.04"]

1. e4 e5 2. Nc3 Nf6 3. g3 Nc6 4. Bg2 Bc5 5. Nge2 d6 6. O-O Nd4 7. Nxd4 Bxd4 8. h3 O-O 9. Ne2 Bb6 10. b3 Re8 11. Bb2 c6 12. c4 a5 13. Rc1 Nh5 14. d4 exd4 15. Nxd4 Qg5 16. Qf3 Bd7 17. Rcd1 Rad8 18. Rfe1 Nf6 19. Qd3 Qg6 20. Re2 h5 21. Kh2 h4 22. gxh4 Qh7 23. Qg3 Nh5 24. Qf3 f5 25. exf5 Rxe2 26. Qxe2 Nf6 27. Qf3 Re8 28. Qf4 Re5 29. Nf3 Rxf5 30. Qxd6 Ng4+ 31. hxg4 Rxf3 32. Qe7 Rf7 33. Qg5 Bxf2 34. h5 Bb6 35. Be5 Be6 36. Rf1 Rd7 37. Qf4 Rf7 38. Be4 Qh8 39. Bd6 Bd4 40. Qg5 Bf6 41. Rxf6 Rxf6 42. Qxa5 1-0

[Event "Kopavogur"]
[Site "Kopavogur"]
[Date "1994.??.??"]
[Round "?"]
[White "Arnason, Jon L"]
[Black "Emms, John M"]
[Result "1/2-1/2"]
[WhiteElo "2520"]
[BlackElo "2525"]
[PlyCount "82"]
[EventDate "1994.04.??"]
[Source "ChessBase"]

1. e4 e5 2. Nc3 Nf6 3. g3 d5 4. exd5 Nxd5 5. Bg2 Nxc3 6. bxc3 Bc5 7. Qh5 Qf6 8. Nf3 Nc6 9. O-O g6 10. Qh6 Bg4 11. Ng5 Bf5 12. Ne4 Bxe4 13. Bxe4 O-O-O 14. d4 Be7 15. Rb1 Qe6 16. dxe5 f5 17. exf6 Qxe4 18. fxe7 Nxe7 19. Qe3 Qxe3 20. Bxe3 Nf5 21. Bf4 Rd5 22. Rfe1 Rc5 23. Be5 Rd8 24. Re2 Ra5 25. g4 Nd6 26. Bxd6 Rxd6 27. Re8+ Kd7 28. Rh8 Kc6 29. Rxh7 Rxa2 30. Re1 Kb6 31. Rb1+ Kc6 32. Rb4 b5 33. c4 a6 34. cxb5+ axb5 35. c4 Rf6 36. cxb5+ Kc5 37. Rb3 Rfxf2 38. Rxc7+ Kd5 39. Rg3 Rxh2 40. Rc6 Rhb2 41. Rf6 Ra1+ 1/2-1/2

[Event "St Petersburg op"]
[Site "St Petersburg"]
[Date "1995.??.??"]
[Round "3"]
[White "Popov, Valerij"]
[Black "Malaniuk, Vladimir P"]
[Result "0-1"]
[WhiteElo "2430"]
[BlackElo "2615"]
[PlyCount "66"]
[EventDate "1995.05.??"]
[Source "ChessBase"]

1. Nc3 Nf6 2. e4 e5 3. g3 d5 4. exd5 Nxd5 5. Bg2 Nxc3 6. bxc3 Bd6 7. Ne2 O-O 8. O-O c6 9. d3 Nd7 10. a4 a5 11. h3 Re8 12. Be3 Qc7 13. Qd2 Nc5 14. f4 exf4 15. Nxf4 Ne6 16. Rab1 Re7 17. Rf2 Nxf4 18. Bxf4 Be6 19. Kh2 h6 20. c4 Qd8 21. Bxd6 Qxd6 22. Qc3 Qc7 23. Re2 h5 24. Qd4 Bf5 25. Rbe1 Rae8 26. Rxe7 Rxe7 27. Rxe7 Qxe7 28. Qf4 g6 29. g4 hxg4 30. hxg4 Qh4+ 31. Bh3 Be6 32. Qb8+ Kg7 33. Qxb7 Bxg4 0-1

[Event "Griesheim GM"]
[Site "Griesheim"]
[Date "2002.01.28"]
[Round "6"]
[White "Schmaltz, Roland"]
[Black "Galdunts, Sergey"]
[Result "1/2-1/2"]
[WhiteElo "2534"]
[BlackElo "2510"]
[PlyCount "65"]
[EventDate "2002.01.23"]
[Source "ChessBase"]
[SourceDate "2002.03.21"]

1. e4 e5 2. Nc3 Nf6 3. g3 d5 4. exd5 Nxd5 5. Bg2 Nxc3 6. bxc3 Bd6 7. Nf3 O-O 8. O-O Nc6 9. Rb1 Rb8 10. d4 exd4 11. cxd4 Bg4 12. h3 Bh5 13. Rb5 f5 14. Qd3 Qd7 15. g4 a6 16. Rxf5 Rxf5 17. gxf5 Nb4 18. Qe4 Rf8 19. c3 Nc6 20. Ng5 Rxf5 21. f4 Bg6 22. Qe2 h6 23. Ne4 Be7 24. Ng3 Rf8 25. f5 Bh7 26. d5 Bc5+ 27. Kh1 Ne7 28. f6 Rxf6 29. Rxf6 gxf6 30. Bxh6 Kf7 31. Ne4 Bxe4 32. Qxe4 Qf5 33. Bf4 1/2-1/2

[Event "BL2-W9798"]
[Site "Germany"]
[Date "1997.??.??"]
[Round "?"]
[White "Kuijf, Marinus"]
[Black "Smagin, Sergey"]
[Result "1/2-1/2"]
[WhiteElo "2460"]
[BlackElo "2575"]
[PlyCount "48"]
[EventDate "1997.10.??"]
[Source "www.chesslib.no"]
[SourceDate "2004.05.04"]

1. e4 e5 2. Nc3 Nf6 3. g3 Nc6 4. Bg2 Nd4 5. Nge2 Bc5 6. O-O d6 7. h3 a6 8. Kh2 h5 9. Nxd4 Bxd4 10. d3 Be6 11. Nd5 Bxd5 12. exd5 Qd7 13. c3 Bb6 14. a4 a5 15. Qe2 Kf8 16. Qf3 Re8 17. Bg5 e4 18. Qd1 Nh7 19. Bf4 exd3 20. Qxd3 h4 21. g4 Nf6 22. Bg5 Nh7 23. Bf4 Nf6 24. Bg5 Nh7 1/2-1/2

[Event "Rishon Le Ziyyon YM"]
[Site "Rishon Le Ziyyon"]
[Date "1995.??.??"]
[Round "10"]
[White "Finkel, Alexander"]
[Black "Davies, Nigel R"]
[Result "0-1"]
[WhiteElo "2505"]
[BlackElo "2530"]
[PlyCount "90"]
[EventDate "1995.02.??"]
[Source "ChessBase"]

1. e4 e5 2. Nc3 Nf6 3. g3 d5 4. exd5 Nxd5 5. Bg2 Nxc3 6. bxc3 Bd6 7. Rb1 Nd7 8. Nf3 O-O 9. O-O c6 10. d4 exd4 11. cxd4 Nb6 12. Qd3 Qf6 13. Ng5 Qg6 14. Be4 f5 15. Qb3+ Kh8 16. Bd3 h6 17. Nh3 Be6 18. c4 Rad8 19. Re1 Bg8 20. Qc3 Qf6 21. c5 Nd5 22. Qd2 Bb8 23. Rxb7 Rf7 24. Rxf7 Bxf7 25. Qe2 g5 26. Bb2 g4 27. Nf4 Bxf4 28. gxf4 Nxf4 29. Qd2 Nxd3 30. Qxd3 Bd5 31. Qe3 f4 32. Qe5 Qxe5 33. dxe5 Be6 34. Bc1 Rd4 35. f3 h5 36. Kf2 Kg7 37. Re4 Rxe4 38. fxe4 Bxa2 39. Bxf4 a5 40. Bc1 Bb1 41. Bg5 Bxe4 42. e6 a4 43. Ke3 Bd5 44. e7 Bf7 45. Kf4 Kg6 0-1

[Event "ESP-chT"]
[Site "Barcelona"]
[Date "2000.08.10"]
[Round "6"]
[White "Narciso Dublan, Marc"]
[Black "Campora, Daniel Hugo"]
[Result "0-1"]
[WhiteElo "2507"]
[BlackElo "2526"]
[PlyCount "142"]
[EventDate "2000.08.05"]
[Source "ChessBase"]
[SourceDate "2000.09.14"]

1. e4 e5 2. Nc3 Nf6 3. g3 d5 4. exd5 Nxd5 5. Bg2 Nxc3 6. bxc3 Bd6 7. Nf3 O-O 8. O-O Nc6 9. d4 Bf5 10. Re1 Re8 11. Rb1 exd4 12. Nxd4 Nxd4 13. cxd4 Rxe1+ 14. Qxe1 Qe8 15. Qxe8+ Rxe8 16. Be3 b6 17. Rb2 c5 18. c3 cxd4 19. cxd4 Rc8 20. Rb5 Be6 21. Bd5 Rc2 22. a4 Bd7 23. Be4 Ra2 24. Rd5 Bh3 25. f3 f5 26. Bd3 Be7 27. Bc4 Ra1+ 28. Kf2 Kf8 29. Bb5 Ra2+ 30. Ke1 Rxh2 31. Bf4 Ra2 32. Bd7 g5 33. Bb8 Bb4+ 34. Kd1 Ke7 35. Bxf5 Bxf5 36. Rxf5 Rxa4 37. Rxg5 Kf6 38. f4 Bd6 39. Rg8 Rxd4+ 40. Ke2 Bxb8 41. Rxb8 Ra4 42. Kf3 h5 43. Rb7 Ra3+ 44. Kg2 Ra1 45. Kf3 Ra2 46. Rh7 Ra5 47. Rh6+ Kg7 48. Rd6 Rf5 49. Ke4 Rf6 50. Rd5 Rg6 51. Rd7+ Kh6 52. Rxa7 Rxg3 53. Rb7 Rb3 54. Rb8 Kg7 55. Kf5 h4 56. Kg5 h3 57. Rb7+ Kg8 58. Rb8+ Kf7 59. Rb7+ Ke6 60. f5+ Ke5 61. Re7+ Kd6 62. Re2 Rg3+ 63. Kf6 Rg2 64. Re1 h2 65. Rd1+ Kc5 66. Rh1 Kd5 67. Ke7 Re2+ 68. Kf7 Ke4 69. f6 Kf3 70. Kg7 Kg2 71. f7 Rf2 0-1

[Event "Viernheim"]
[Site "Viernheim"]
[Date "1995.??.??"]
[Round "1"]
[White "Schmaltz, Roland"]
[Black "Sokolov, Andrei"]
[Result "1/2-1/2"]
[WhiteElo "2445"]
[BlackElo "2585"]
[PlyCount "37"]
[EventDate "1995.10.??"]
[Source "ChessBase"]

1. e4 e5 2. Nc3 Nf6 3. g3 Bc5 4. Bg2 Nc6 5. Nf3 d6 6. h3 a6 7. O-O h6 8. d3 Be6 9. Kh2 O-O 10. Nh4 d5 11. exd5 Nxd5 12. Nxd5 Bxd5 13. Bxd5 Qxd5 14. Qg4 Kh7 15. Be3 g6 16. Rae1 Rae8 17. a3 Re6 18. Nf3 Be7 19. Qe4 1/2-1/2

[Event "Rishon Le Ziyyon YM"]
[Site "Rishon Le Ziyyon"]
[Date "1995.??.??"]
[Round "7"]
[White "Finkel, Alexander"]
[Black "Mikhalevski, Victor"]
[Result "1-0"]
[WhiteElo "2505"]
[BlackElo "2525"]
[PlyCount "101"]
[EventDate "1995.02.??"]
[Source "ChessBase"]

1. e4 e5 2. Nc3 Nf6 3. g3 d5 4. exd5 Nxd5 5. Bg2 Nxc3 6. bxc3 Nc6 7. Rb1 Bc5 8. Ne2 O-O 9. O-O Re8 10. d3 Bb6 11. c4 Ne7 12. h3 Nf5 13. Kh2 c6 14. Nc3 Qf6 15. Ne4 Qg6 16. a4 h5 17. h4 Nd4 18. c3 Ne6 19. Nd6 Rf8 20. Bf3 Nc5 21. Nxc8 Rfxc8 22. a5 Bxa5 23. Ba3 b6 24. Bxh5 Qxd3 25. Bxc5 Qxd1 26. Rfxd1 bxc5 27. Rd7 Rc7 28. Bxf7+ Kf8 29. Be6 Re8 30. Rxc7 Bxc7 31. Rb7 Rxe6 32. Rxc7 e4 33. Rxa7 e3 34. fxe3 Rxe3 35. Ra5 Re5 36. Kg2 Rf5 37. Ra7 Re5 38. Kf3 g6 39. Rc7 Re6 40. g4 Kg8 41. Kf4 Kf8 42. Kg5 Kg8 43. Kh6 Re4 44. Rg7+ Kf8 45. Rxg6 Rxc4 46. h5 Rxc3 47. g5 Ke7 48. Rxc6 Kd7 49. Rf6 Ke7 50. Rf2 Rg3 51. g6 1-0

[Event "BL2-West 0102"]
[Site "Germany"]
[Date "2002.02.24"]
[Round "6.1"]
[White "Kuijf, Marinus"]
[Black "Fridman, Daniel"]
[Result "1/2-1/2"]
[WhiteElo "2461"]
[BlackElo "2562"]
[PlyCount "93"]
[EventDate "2001.10.07"]
[Source "ChessBase"]
[SourceDate "2002.07.08"]

1. e4 e5 2. Nc3 Nf6 3. g3 Bc5 4. Bg2 Nc6 5. h3 d6 6. Nge2 Be6 7. Nd5 Nd4 8. Nxd4 Bxd4 9. c3 Bb6 10. O-O Nxd5 11. exd5 Bf5 12. d3 O-O 13. Kh2 Qd7 14. f4 Bg6 15. Qf3 exf4 16. gxf4 Qf5 17. d4 Rfe8 18. Be3 Qd3 19. Bg1 Re2 20. f5 Qxf3 21. Rxf3 Bh5 22. Rf2 Rae8 23. Raf1 f6 24. Rxe2 Rxe2 25. Rf2 a5 26. Rxe2 Bxe2 27. Be4 a4 28. Be3 a3 29. b3 Ba5 30. b4 Bb6 31. Bc1 Bc4 32. Bxa3 Bxa2 33. Kg3 Kf7 34. Kf4 Bc4 35. h4 Ke8 36. Bf3 Kd7 37. Bc1 Kc8 38. Ke4 Kd7 39. Bh5 Ke7 40. Bf3 Ba7 41. Bd1 Kf7 42. Bf3 Bb8 43. Ke3 g6 44. fxg6+ hxg6 45. Kf2 Ba7 46. Kg3 Bb5 47. Bg4 1/2-1/2

[Event "Cannes op2"]
[Site "Cannes FRA"]
[Date "1993.??.??"]
[Round "?"]
[White "Arnason, Jon L"]
[Black "Godena, Michele"]
[Result "1/2-1/2"]
[WhiteElo "2535"]
[BlackElo "2485"]
[PlyCount "55"]
[EventDate "1993.??.??"]
[Source "www.chesslib.no"]
[SourceDate "2004.05.04"]

1. e4 e5 2. Nc3 Nf6 3. g3 d5 4. exd5 Nxd5 5. Bg2 Nxc3 6. bxc3 Bd6 7. Nf3 O-O 8. O-O Nc6 9. d4 Bg4 10. Qd3 Qd7 11. Ng5 Bf5 12. Be4 Bxe4 13. Qxe4 f5 14. Qd5+ Kh8 15. dxe5 Nxe5 16. Bf4 Qc6 17. Qxc6 Nxc6 18. Bxd6 cxd6 19. Rad1 h6 20. Ne6 Rf6 21. Nc7 Rc8 22. Nd5 Re6 23. Nf4 Rf6 24. Nd5 Re6 25. Nf4 Rf6 26. Rfe1 Ne5 27. Kg2 g5 28. Nd5 1/2-1/2